000 00529nam a2200181Ia 4500
005 20260415160337.0
008 008 250505s9999 xx 000 0 eng d
037 _aReference
040 _aFEDL
_beng
_cFEDL
041 _aeng
_2eng
084 _a371.7 AVE
_qFEDL
100 _aAvery Margaret
_9755778
245 0 _aTextbook of hygiene or training colleges
260 _aLondon, UK
_bMethuen and Company Limited
_c1943
300 _a414p.
942 _cREF
_h371.7 AVE
999 _c1321897
_d1321897